| 000 | 00514nam a2200181Ia 4500 | ||
|---|---|---|---|
| 003 | GCL | ||
| 008 | 140319s9999 xx 000 0 ara d | ||
| 040 |
_aGCL / _cGCL |
||
| 082 | 0 | 4 |
_a816.03 _bس ر |
| 100 | 1 | _aسمير الهضيبى | |
| 245 | 1 | 0 |
_aرسائل من السجن / _cسمير الهضيبى |
| 260 |
_a[S.N] : _bالزهراء للاعلام العربى ، _c1977 |
||
| 300 | _a291 ص | ||
| 490 | _a | ||
| 650 | 0 | 4 | _aالرسائل |
| 650 | 0 | 4 | _aالرسائل فى الادب |
| 942 |
_2ddc _cBK |
||
| 999 |
_c53394 _d53394 |
||